Schaum’s outline of theory and problems of astronomy / (Record no. 22434)
[ view plain ]
| 000 -LEADER | |
|---|---|
| fixed length control field | 01519cam a22003855i 4500 |
| 001 - CONTROL NUMBER | |
| control field | 4239119 |
| 003 - CONTROL NUMBER IDENTIFIER | |
| control field | EG-ScBUE |
| 005 - DATE AND TIME OF LATEST TRANSACTION | |
| control field | 20250423125312.0 |
| 008 - FIXED-LENGTH DATA ELEMENTS--GENERAL INFORMATION | |
| fixed length control field | 020313t2002 nyua f 001 0 eng d |
| 020 ## - INTERNATIONAL STANDARD BOOK NUMBER | |
| Cancelled/invalid ISBN | 0071364366 |
| 020 ## - INTERNATIONAL STANDARD BOOK NUMBER | |
| Cancelled/invalid ISBN | 9780071364362 |
| 035 ## - SYSTEM CONTROL NUMBER | |
| System control number | (OCoLC)ocm49852081 |
| 035 ## - SYSTEM CONTROL NUMBER | |
| System control number | (NNC)4239119 |
| 035 ## - SYSTEM CONTROL NUMBER | |
| System control number | (OCoLC)49852081 |
| Canceled/invalid control number | (OCoLC)53473591 |
| -- | (OCoLC)232161164 |
| -- | (OCoLC)474434262 |
| -- | (OCoLC)533426744 |
| -- | (OCoLC)559725534 |
| -- | (OCoLC)646708331 |
| -- | (OCoLC)671738196 |
| -- | (OCoLC)702096505 |
| -- | (OCoLC)722114562 |
| -- | (OCoLC)743390759 |
| -- | (OCoLC)793522012 |
| 040 ## - CATALOGING SOURCE | |
| Original cataloging agency | EG-ScBUE |
| Language of cataloging | eng |
| Description conventions | rda |
| Transcribing agency | EG-ScBUE |
| Modifying agency | EG-ScBUE |
| 082 04 - DEWEY DECIMAL CLASSIFICATION NUMBER | |
| Classification number | 520.076 |
| Item number | PAL |
| Edition number | 22 |
| 100 1# - MAIN ENTRY--PERSONAL NAME | |
| Personal name | Palen, Stacy E., |
| Relator term | author. |
| 9 (RLIN) | 41289 |
| 245 10 - TITLE STATEMENT | |
| Title | Schaum’s outline of theory and problems of astronomy / |
| Statement of responsibility, etc | Stacy E. Palen, Department of Astronomy, University of Washington. |
| 246 30 - VARYING FORM OF TITLE | |
| Title proper/short title | Theory and problems of astronomy |
| 246 30 - VARYING FORM OF TITLE | |
| Title proper/short title | Astronomy |
| 264 #1 - PUBLICATION, DISTRIBUTION, ETC. (IMPRINT) | |
| Place of publication, distribution, etc | New York : |
| Name of publisher, distributor, etc | McGraw-Hill, |
| Date of publication, distribution, etc | [2002] |
| 264 #4 - PUBLICATION, DISTRIBUTION, ETC. (IMPRINT) | |
| Date of publication, distribution, etc | c2002 |
| 300 ## - PHYSICAL DESCRIPTION | |
| Extent | vi, 234 pages : |
| Other physical details | illustrations ; |
| Dimensions | 24 cm. |
| 336 ## - CONTENT TYPE | |
| Source | rdacontent |
| Content type term | text |
| Content type code | txt |
| 337 ## - MEDIA TYPE | |
| Media type term | unmediated |
| Source | rdamedia |
| Media type code | n |
| 338 ## - CARRIER TYPE | |
| Carrier type term | volume |
| Carrier type code | nc |
| Source | rdacarrier |
| 490 0# - SERIES STATEMENT | |
| Series statement | Schaum’s outline series |
| 500 ## - GENERAL NOTE | |
| General note | Includes index. |
| 500 ## - GENERAL NOTE | |
| General note | Includes Appendices.<br/> |
| 650 #7 - SUBJECT ADDED ENTRY--TOPICAL TERM | |
| Topical term or geographic name as entry element | Astronomy |
| Form subdivision | Outlines, syllabi, etc. |
| Source of heading or term | BUEsh |
| 9 (RLIN) | 41290 |
| 650 #7 - SUBJECT ADDED ENTRY--TOPICAL TERM | |
| Topical term or geographic name as entry element | Astronomy |
| Form subdivision | Problems, exercises, etc. |
| Source of heading or term | BUEsh |
| 9 (RLIN) | 41291 |
| 655 ## - INDEX TERM--GENRE/FORM | |
| Form subdivision | Reading book |
| 856 40 - ELECTRONIC LOCATION AND ACCESS | |
| Uniform Resource Identifier | <a href="http://www.columbia.edu/cgi-bin/cul/resolve?clio4239119">http://www.columbia.edu/cgi-bin/cul/resolve?clio4239119</a> |
| Public note | All EBSCO eBooks |
| 942 ## - ADDED ENTRY ELEMENTS (KOHA) | |
| Source of classification or shelving scheme | Dewey Decimal Classification |
| Koha item type | Book - Borrowing |
| Withdrawn status | Lost status | Source of classification or shelving scheme | Damaged status | Not for loan | Collection code | Home library | Current library | Shelving location | Date acquired | Source of acquisition | Cost, normal purchase price | Total Checkouts | Full call number | Barcode | Date last seen | Koha item type |
|---|---|---|---|---|---|---|---|---|---|---|---|---|---|---|---|---|
| Dewey Decimal Classification | Baccah | Central Library | Central Library | First floor | 29/09/2016 | Purchase | 280.00 | 520.076 PAL | 000033748 | 15/07/2025 | Book - Borrowing |